banner-ar

INDUSTRIAL TOXICOLOGY: SAFETY AND HEALTH APPLICATIONS IN THE WORK PLACE / (Record no. 14004)

MARC details
000 -الفاتح
حقل البيانات ثابتة الطول 00630nam a2200205Ia 4500
008 - عناصر البيانات ثابتة الطول - معلومات عامة
حقل البيانات ثابتة الطول 140319s9999 xx 000 0 eng d
040 ## - مصدر الفهرسة
وكالة الفهرسة الأصلية GCL /
وكالة النسخ GCL
082 04 - رقم تصنيف ديوى العشرى
رقم التصنيف 615.902
رقم المادة W I
100 1# - المدخل الرئيسى - إسم شخصى
الإسم الشخصى WILLIAMS, PHILIP L
245 10 - بيان العنوان
العنوان INDUSTRIAL TOXICOLOGY: SAFETY AND HEALTH APPLICATIONS IN THE WORK PLACE /
بيان المسئوليه,etc WILLIAMS, PHILIP L
700 1# - المدخل الاضافى - اسم شخصى
الإسم الشخصى BURSON, JAMES L
260 ## - PUBLICATION, DISTRIBUTION, ETC. (IMPRINT)
تاريخ النشر أو التوزيع 1985
300 ## - الوصف المادى
التعداد 502 P
650 04 - المدخل الاضافى بالموضوع-مصطلح موضوعى
مصطلح موضوعي INDUSTRIAL TOXICOLOGY
650 04 - المدخل الاضافى بالموضوع-مصطلح موضوعى
مصطلح موضوعي POISONS - SAFETY MEASURES
650 04 - المدخل الاضافى بالموضوع-مصطلح موضوعى
مصطلح موضوعي DISEASES - CHEMICALLY INDUCED
650 04 - المدخل الاضافى بالموضوع-مصطلح موضوعى
مصطلح موضوعي ENVIRONMENTAL POLLUTANTS
942 ## - عناصر المدخل الإضافي( كوها)
مصدر التصنيف او مخطط الترفيف Dewey Decimal Classification
Koha [default] item type كتاب
260 ## - PUBLICATION, DISTRIBUTION, ETC. (IMPRINT)
-- [S.N] :
-- VAN NOSTRAND REINHOLD ،
Holdings
حالة التراجع حالة الفقد حالة تلف ليس للاعارة المكان المؤقت الموقع الحالى تاريخ الاكتساب اجمالي اﻻعارات رقم الطلب الباركود تاريخ اخر مشاهدة تاريخ تفعيل السعر نوع وعاء كوها
        مكتبة القاهرة الكبرى مكتبة القاهرة الكبرى 03/26/2014   615.902\W I 26441 03/26/2014 03/26/2014 كتاب

Powered By

EGPV